Statistics for United States Borders #2

Click here to take the quiz!

General Stats

  • This quiz has been taken 20 times
  • The average score is 8 of 8

Answer Stats

HintAnswer% Correct
NorthKentucky
100%
WestArkansas
95%
SouthwestGeorgia
95%
EastNorth Carolina
95%
NortheastVirginia
95%
SouthAlabama
90%
SoutheastMississippi
90%
NorthwestMissouri
90%

Score Distribution

Percentile by Number Answered

Percent of People with Each Score

Your Score History

You have not taken this quiz